书目信息 |
| 书名: | Children and books | |
| 作者: | Zena Sutherland, May Hill Arbuthnot ; chapters contributed by Dianne L. Monson. | |
| 分册号: | ||
| 分册名: | 出版地: | Glenview, Ill. : |
|
| 出版社: | Scott, Foresman | |
| 出版时间: | c1986. | |
| 页数: | 751 p., [16] p. of plates : | |
| 开本: | 26 cm. | |
| 丛书名: | ||
| 中图分类号: | ||
| 科图分类号: | ||
| 其他分类号: | C912.3 | |
| 主题词: | ||
| 电子资源: | ||
| 000 | 01172cam a2200325 a 450 | |
| 001 | E0736078703 | |
| 005 | 20070422100837.87 | |
| 008 | 850816s1986 iluaf b 001 0 eng | |
| 010 | @a85019669 | |
| 020 | @a0673180697. | |
| 035 | @A(DLC) 85019669 | |
| 040 | @aDLC@cDLC@dDLC | |
| 050 | 00 | @aPN1009.A1@bS879 1986 |
| 082 | 00 | @a809/.89282@2 19 |
| 090 | @aC912.3 | |
| 099 | @dC912.3@ex47=7 | |
| 100 | 1 | @aSutherland, Zena. |
| 245 | 10 | @aChildren and books / @cZena Sutherland, May Hill Arbuthnot ; chapters contributed by Dianne L. Monson. |
| 250 | @a7th ed. | |
| 260 | @aGlenview, Ill. :@bScott, Foresman,@cc1986. | |
| 300 | @a751 p., [16] p. of plates :@bill. (some col.) ;@c26 cm. | |
| 500 | @a"Part 4: Areas and issues edited by Dorothy M. Broderick." | |
| 504 | @aIncludes bibliographies and indexes. | |
| 650 | 0 | @aChildren@xBooks and reading. |
| 650 | 0 | @aChildren’s literature@xHistory and criticism. |
| 700 | 1 | @aArbuthnot, May Hill,@d1884-1969. |
| 700 | 1 | @aMonson, Dianne L. |
| 740 | 0 | @aChildren and books. |
| 906 | @a7@bcbc@corignew@d1@eocip@f19@gy-gencatlg | |
| 991 | @bc-GenColl@hPN1009.A1@iS879 1986@p00002044341@tCopy 1@wBOOKS | |
| Children and books / / Zena Sutherland, May Hill Arbuthnot ; chapters contributed by Dianne L. Monson.-7th ed.-Glenview, Ill. : : Scott, Foresman, , c1986. |
| 751 p., [16] p. of plates : : ill. (some col.) ; ; 26 cm. |
| "Part 4: Areas and issues edited by Dorothy M. Broderick." .-Includes bibliographies and indexes. |
| ISBN 0673180697. |
| ● |
| 相关链接 |
|
|
|
|
正题名:Children and books
索取号:C912.3/x47=7
 
预约/预借
| 序号 | 登录号 | 条形码 | 馆藏地/架位号 | 状态 | 备注 |
| 1 | 0004534 | 300045341 | 第二样本阅览室/ [索取号:C912.3/x47=7] | 在馆 |